Postavenie a budúcnosť obnoviteľných zdrojov energie v energetickej bilancii SR diplomová práca

Salvato in:
Dettagli Bibliografici
Autore principale: Topoliová, Lenka
Ente Autore: Obchodná fakulta EU. Katedra medzinárodného obchodu
Altri autori: Drieniková, Kristína, 1982-
Natura: Libro
Lingua:slovacco
Pubblicazione: Bratislava 2011
Tags: Aggiungi Tag
Nessun Tag, puoi essere il primo ad aggiungerne!!

MARC

LEADER 00000nam a2200000 4500
001 0148268
005 20240318124808.5
041 0 |a slo 
044 |a SK 
245 1 0 |a Postavenie a budúcnosť obnoviteľných zdrojov energie v energetickej bilancii SR  |b diplomová práca  |c Lenka Topoliová ; školiteľ: Kristína Drieniková 
264 1 |a Bratislava  |c 2011 
300 |a 80 s. 
100 1 |a Topoliová, Lenka 
700 1 |a Drieniková, Kristína, 1982- 
710 2 |a Obchodná fakulta EU. Katedra medzinárodného obchodu